El derecho de la television situacion y perspectivas en la comunidad de Madrid /

Bibliographic Details
Other Authors: Escobar Roca, Guillermo (coordinador)
Format: Unknown
Language:Spanish
Published: Madrid : Dykinson, 2003
Subjects:
Online Access:Acceso restringido

MARC

LEADER 00000ny a22000003n 4500
005 20110621105436.0
006 m u
007 cr cn|||||||||
008 200508r2003 sp |||||s|||||||||||spa d
020 |a 9788497722339 
035 |a 593 
040 |a FlNmELB  |c FlNmELB  |d vlex 
050 1 4 |a KKT3491  |b D431 2003eb 
080 |a 659.3 
090 |c 1333  |d 1333 
245 0 3 |a El derecho de la television  |h [Recurso electrn̤ico]  |b situacion y perspectivas en la comunidad de Madrid /  |c coordinado por Guillermo Escobar Roca 
256 |a Servicio en ln̕ea 
260 |a Madrid :  |b Dykinson,  |c 2003 
300 |a 7-196 p 
506 1 |a Contenido solo disponible en los productos indicados  |d vLex Global  |d vLex Global (Academic Edition, excluding Law Schools)  |d vLex Global (U.S. Academic Edition, Law Schools)  |d vLex Global (U.S. Academic Edition, excluding Law Schools)  |d vLex Global (Academic Edition, Law Schools) 
650 0 7 |a Telecomunicaciones  |2 Tesauro vLex 
650 0 7 |a Derecho administrativo especial  |2 Tesauro vLex 
650 0 7 |a Radiodifusin̤ y televisin̤  |2 Tesauro vLex 
650 0 7 |a Televisin̤  |2 Tesauro vLex 
700 1 |a Escobar Roca, Guillermo,  |e coordinador 
740 0 |a vLex Libros (Servicios en ln̕ea) 
856 4 0 |u http://vlex.com/source/593  |z Acceso restringido 
942 |c BOOK